000
00328nam a22001337a 4500
008
181023b xxu||||| |||| 00| 0 eng d
020
_a
9781413002614
041
_a
eng
080
_a
610
100
_a
4
101
_a
SHM
245
_a
The Least You Should Know Vocabularu Building wORD rOOTS
_c
Carol.F
942
_2
udc
_c
BK
999
_c
50662
_d
50662